000 00312nam a22001337a 4500
008 181122b xxu||||| |||| 00| 0 eng d
020 _a9780155062436
041 _aeng
080 _27 TH
_a370
100 _a49
101 _aEDU
245 _aReading Enhacement An Development
_cHolt.R
942 _2udc
_cBK
999 _c52325
_d52325